000 00555nam a22001937a 4500
003 KOHA_MİRAKIL
005 20251024161342.0
008 251024b tu ||||| |||| 00| 0 tur d
020 _a9786057949127
040 _aTR-AnABB
_btur
_cTR-AnABB
041 _atur
082 _a892.736
_bABD 2018
100 1 _aMünif, Abdurrahman,
245 1 0 _aAkdeniz'in doğusu /
_cAbdurrahman Münif
260 _aİstanbul :
_bKetebe Yayınları,
_c2018
300 _a200 sayfa ;
_c21 cm
650 0 4 _aSuudi Arabistan edebiyatı, roman
942 _2ddc
_cBK
999 _c9214
_d9214
900 _bGizem YORULMAZ